000 00333nam a2200157Ia 4500
003 0STCL
008 150530s9999 xx 000 0 und d
040 _aSTCL
_cSTCL
100 _aCronin, A.J.
245 _aHatters castle
260 _c1952
546 _aEnglish
942 _2ddc
_cBK
999 _c58834
_d58834
005 20220125171054.0